000 00537nam a22001937a 4500
003 KOHA_MİRAKIL
005 20250428164514.0
008 250428b tu ||||| |||| 00| 0 tur d
020 _a9789755703626
040 _aTR-AnABB
_btur
_cTR-AnABB
041 _atur
082 _a813.41
_bMEH 2021
100 _aMehmet Rauf,
_d1874-1931
245 1 0 _aBir zambak hikayesi /
_cMehmet Rauf
260 _aİstanbul :
_bSel Yayıncılık,
_c2021
300 _a111 sayfa ;
_c20 cm
650 0 4 _aTürk edebiyatı, roman
942 _2ddc
_cBK
999 _c8851
_d8851
900 _bGizem YORULMAZ